Statistiques concernant Maires des plus grandes villes de France (2022)

Cliquez ici pour prendre le quiz!

Statistiques générales

  • Ce quiz a été pris 276 fois
    (40 depuis la dernière actualisation)
  • Le résultat moyen est 7 sur 20

Statistiques - réponses

VillePartiMaire% Correct
ParisPSAnne Hidalgo
100%
NiceHorizonsChristian Estrosi
74%
Le HavreHorizonsÉdouard Philippe
74%
LillePSMartine Aubry
68%
MarseillePSBenoit Payan
53%
GrenobleEELVÉric Piolle
50%
LyonEELVGrégory Doucet
45%
BordeauxEELVPierre Hurmic
39%
NantesPSJohanna Rolland
34%
Dijondivers gaucheFrançois Rebsamen
32%
ToulouseLFAJean-Luc Moudenc
29%
MontpellierPSMichael Delafosse
29%
StrasbourgEELVJeanne Barseghian
24%
Saint-Étiennedivers droiteGael Perdriau
21%
RennesPSNathalie Appéré
18%
ReimsHorizonsArnaud Robinet
16%
Saint Denis (La Réunion)PSEricka Bareigts
13%
NimesLRJean-Paul Fournier
8%
AngersHorizonsJean-Marc Verchere
0%
ToulonHorizonsJosée Massi
0%

Distribution des résultats

Percentile par nombre de réponses

% des personnes avec chaque résultat

Votre développement - résultats

Vous n’avez pas pris ce quiz depuis la dernière actualisation